Visualizzazione normale
Vista MARC
- Fumagalli Aristide, Perroni Marinella, Bianchi Enzo
di Personal Name
Records bibliografici associati: 1
001 - CONTROL NUMBER
- control field: 60941
003 - CONTROL NUMBER IDENTIFIER
- control field:
005 - DATE AND TIME OF LATEST TRANSACTION
- control field: 20240725111716.0
008 - FIXED-LENGTH DATA ELEMENTS
- fixed length control field: 240725|| aca||aabn | a|a d
040 ## - CATALOGING SOURCE
- Original cataloging agency:
- Transcribing agency:
100 ## - HEADING--PERSONAL NAME
- Personal name: Fumagalli Aristide, Perroni Marinella, Bianchi Enzo
670 ## - SOURCE DATA FOUND
- Source citation: Work cat.: ()360207: Fumagalli Aristide, Perroni Marinella, Bianchi Enzo, Tra disciplina e innovazione. , 2024